000
00260nam a2200097Ia 4500
001
691976
005
20250826161846.0
008
250824s9999 xx 000 0 und d
245
0
_a
KAYIP HAYALLER KORUYUCUSU
_c
BİGE GÜVEN KIZILAY
260
_b
HAYY KİTAP YAYINLARI
999
_c
691976
_d
691976